000 00570nam a2200181 a 4500
001 000035402
005 20200930074321.0
008 111031s1979 sp a 000 0 spa d
020 _a8428605211
040 _aDO-SdBNP
_bspa
_cBNPHU
082 _axxx
_bB118
100 1 _aBach, Richard
_961229
240 1 0 _aThere´s no such place as far away
_lespañol
245 1 0 _aNingún lugar está lejos /
_cRichard Bach.
260 _aBarcelona :
_bPomaire,
_c1979.
300 _a[42 p.] ;
_c21 cm.
590 _aPerteneció a la biblioteca personal de Juan Isidro Jimenes Grullón
999 _c34893
_d34893